| 000 | 00636nam a2200193Ia 4500 | ||
|---|---|---|---|
| 003 | GCL | ||
| 008 | 140319s9999 xx 000 0 ara d | ||
| 040 |
_aGCL / _cGCL |
||
| 082 | 0 | 4 |
_a712.022 _bل م |
| 100 | 1 | _aعبدالسلام رضوان | |
| 245 | 1 | 0 |
_aمسرح الشارع فى امريكا / _cعبدالسلام رضوان |
| 700 | 1 | _aليسنك، هنرى | |
| 300 | _a95 ص | ||
| 490 |
_aالهيئة العامة للاستعلامات _v0 |
||
| 650 | 0 | 4 | _aالمسرح |
| 650 | 0 | 4 | _aالمسرحيات الامريكية |
| 650 | 0 | 4 | _aالمسرح - الولايات المتحدة الامريكية |
| 942 |
_2ddc _cBK |
||
| 999 |
_c50285 _d50285 |
||